| 000 | 00542cam a2200145 4500500 | ||
|---|---|---|---|
| 005 | 20251012020609.0 | ||
| 041 | _afre | ||
| 042 | _adc | ||
| 100 | 1 | 0 |
_aVlaicu, Patriciu-Dorin _eauthor |
| 245 | 0 | 0 | _aL'identité canonique de l'église orthodoxe de Roumanie à l'aube de l'intégration dans l'union européenne |
| 260 | _c2005. | ||
| 500 | _a96 | ||
| 786 | 0 | _nL'Année canonique | XLVII | 1 | 2005-02-11 | p. 227-253 | 0570-1953 | |
| 856 | 4 | 1 | _uhttps://shs.cairn.info/revue-l-annee-canonique-2005-1-page-227?lang=fr&redirect-ssocas=7080 |
| 999 |
_c1536115 _d1536115 |
||